عرض عادي
عرض مارك
- Cohen, David,
مدخل إسم شخص
001 - رقم الضبط
- حقل الضبط: 41042
003 - معرف رقم الضبط
- حقل الضبط: OSt
005 - تاريخ ووقت أخر عملية
- حقل الضبط: 20131213195610.0
008 - عناصر بيانات ثابتة الطول
- حقل تحكم ثابت الطول: 131213|||a|||||| | ||| d
040 ## - مصدر الفهرسة
- هيئة الفهرسة الأصلية: OSt
- وكالة الكتابة: OSt
100 ## - مدخل -- أسم شخص
- إسم شخص: Cohen, David,
- تواريخ مرتبطة بالاسم: 1942 September 28-
670 ## - بيانات المصدر موجوده
- الاستشهاد بالمصدر: Work cat.: (OSt)0: Cohen, David, 1942 September 28-, Algebra and trigonometry /, c1997.
